000 01793nam a2200337 i 4500
001 000028815
003 DO-SdBNP
005 20260305072322.0
007 ta
008 100813s1986 dr a r 000 0bspa d
040 _aDO-SdBNP
_bspa
_cBNPHU
_erda
041 _aspa
082 4 _a923.57293
_bG633B
_222
100 1 _a Balaguer, Joaquín,
_d1906-2002
_eautor
_4aut.
_976556
245 1 0 _aRecuerdo de los actos oficiales celebrados en Baní, cuna del generalísimo Máximo Gómez, el 18 de noviembre de 1986, día del 150º aniversario de su nacimiento /
_cJoaquín Balaguer, César A. Herrera
264 1 _aSanto Domingo :
_bTaller,
_c1986.
300 _a29 páginas :
_bretratos ;
_c22 cm.
336 _atexto
_btxt
_2rdacontent
337 _asin mediación
_bn
_2rdamedia
338 _avolumen
_bnc
_2rdacarrier
500 _aHomenaje del Gobierno Constitucional de la República al Generalisimo Máximo Gómez en el sesquicentenario de su nacimiento.
501 _aCon: Decreto que crea la comisión oficial encargada de la realización del programa del 150º aniversario del nacimiento de Máximo Gómez / Joaquín Balaguer -- Máximo Gómez / Joaquín Balaguer -- Máximo Gómez / César A. Herrera.
504 _aIncluye referencias bibliográficas y notas al pie de las páginas
590 _aInventariado, 2021/MFF
600 1 4 _aGómez, Máximo,
_d1836-1905
_912249
651 4 _aCuba
_xHistoria
_yGuerra de los diez años, 1868-1878
_911018
651 4 _aCuba
_xHistoria
_yGuerra de Independencia , 1895-1898
_911019
700 1 _a Balaguer, Joaquín,
_d1906-2002
_tDecreto que crea la comisión oficial encargada de la realización del programa del 150º aniversario del nacimiento de Máximo Gómez
_976556
910 _aValidado. Control de calidad. MMOLINA
942 _2ddc
_cLF2
999 _c28307
_d28307